|
|
|
|
| LEADER |
01998nas a2200517 a 4500 |
| 001 |
c000155886 |
| 003 |
CARM |
| 005 |
20020205155404.0 |
| 008 |
760601d19761990cauar1 0 aua0eng d |
| 010 |
|
|
|a 76641230
|
| 019 |
1 |
|
|a 1017073
|z 2532946
|z 2931636
|5 LACONCORD2021
|
| 022 |
|
|
|a 0362-1626
|
| 030 |
|
|
|a ARENDD
|
| 035 |
|
|
|a (OCoLC)2203927
|5 LACONCORD2021
|
| 040 |
|
|
|d AMG
|
| 042 |
|
|
|a nsdp
|a lc
|
| 050 |
|
|
|a TJ163.2
|b .A55
|
| 060 |
|
0 |
|a W1 AN77T
|
| 210 |
0 |
|
|a Annu. rev. energy
|
| 222 |
0 |
0 |
|a Annual review of energy
|
| 245 |
0 |
0 |
|a Annual review of energy.
|
| 260 |
|
|
|a Palo Alto, Calif. :
|b Annual Reviews Inc.,
|c c1976-c1990.
|
| 300 |
|
|
|a 15 v. :
|b ill. ;
|c 23 cm.
|
| 362 |
0 |
|
|a Vol. 1 (1976)-v. 15 (1990)
|
| 510 |
2 |
|
|a Chemical abstracts
|x 0009-2258
|b 1976-1982
|
| 510 |
2 |
|
|a Coal abstracts
|x 0309-4979
|
| 510 |
2 |
|
|a Computer & control abstracts
|x 0036-8113
|
| 510 |
2 |
|
|a Electrical & electronics abstracts
|x 0036-8105
|
| 510 |
2 |
|
|a Energy information abstracts
|x 0147-6521
|
| 510 |
2 |
|
|a Engineering index annual (1968)
|x 0360-8557
|
| 510 |
2 |
|
|a Engineering index bioengineering abstracts
|x 0736-6213
|
| 510 |
2 |
|
|a Engineering index energy abstracts
|x 0093-8408
|
| 510 |
2 |
|
|a Engineering index monthly (1984)
|x 0742-1974
|
| 510 |
2 |
|
|a Environment abstracts
|x 0093-3287
|
| 510 |
2 |
|
|a GeoRef
|x 0197-7482
|
| 510 |
2 |
|
|a Life sciences collection
|
| 510 |
2 |
|
|a Physics abstracts. Science abstracts. Series A
|x 0036-8091
|
| 650 |
|
0 |
|a Power resources
|x Periodicals.
|
| 650 |
|
0 |
|a Energy policy
|x Periodicals.
|
| 785 |
0 |
0 |
|t Annual review of energy and the environment
|x 1056-3466
|
| 852 |
8 |
|
|b CARM
|h A2:AI37C0
|i B04374
|p 0197746
|f SE
|
| 866 |
|
0 |
|a 1(1976)-11(1986)
|
| 866 |
|
0 |
|a 1(1976)-11(1986)
|
| 265 |
|
|
|a Annual Reviews, Inc., 4139 El Camino Way, Palo Alto, CA 94306
|
| 999 |
f |
f |
|i fa720f0b-984a-53bd-a44b-95b3b8173394
|s 37ea1371-4066-5def-978f-3a0b4c75e599
|
| 952 |
f |
f |
|p Can circulate
|a CAVAL
|b CAVAL
|c CAVAL
|d CARM 1 Store
|e B04374
|f A2:AI37C0
|h Other scheme
|i book
|k 1(1976)-11(1986)
|m 0197746
|